• 首页
  • 本馆介绍
  • 公告通知
  • 最新文献
  • 馆藏检索
  • 电子资源
  • 读者导购
  • 参考咨询
  • 我的图书馆
  • 登录
  • 详细信息显示
  • 放入我的书架
  • 预约/预借图书
  • 作者相关作品
  • 分类相关作品
  • 丛书相关作品
  • 出版社相关作品

书目信息

  • 表格格式
  • 工作单格式
  • 卡片格式
题名:
当代中国的水运事业
    
 
作者: 王展意 主编
分册:  
出版信息: 北京   中国科学技术出版社  1989.8
页数: 725页
开本: 19cm
丛书名: 当代中国丛书
单 册:
中图分类: F55 , F552
科图分类: 29.65
主题词: 水路运输--概况--中国
电子资源:
ISBN: 7-5004-0641-X
000 00915nam2 2200277 45
001 0190012802
005 20061030100203.40
010    @a7-5004-0641-X@b精装@dCNY18.50
100    @a19921222d1989 ekmy0chiy0121 ea
101 0  @achi
102    @aCN@b110000
105    @ac z 000yy
200 10 @a当代中国的水运事业@ADANG DAI ZHONG GUO DE SHUI YUN SHI YE@f王展意主编@FWANG ZHAN YI ZHU BIAN
210    @a北京@c中国科学技术出版社@d1989.8
215    @a725页@c照片@d19cm
225 2  @a当代中国丛书@f邓力群主编
330    @a本书对新中国水运事业三十六年的发展历程、取得的成就以及经验教训作了充分的阐述。
410  0 @120010@a当代中国丛书
540 1  @a当代 中国 水运 事业@ADANG DAI ZHONG GUO SHUI YUN SHI YE
606    @a水路运输@x概况@y中国
690    @aF55@v三版
690    @aF552@v3
692    @a29.65
701  0 @a王展意@AWANG ZHAN YI@4主编
801  0 @aCN@bTSSF@c20061030
905    @a10447@dF552@e3
    
    当代中国的水运事业/王展意主编.-北京:中国科学技术出版社,1989.8
    725页:照片;19cm.-(当代中国丛书/邓力群主编)
    
    
    ISBN 7-5004-0641-X(精装):CNY18.50
    本书对新中国水运事业三十六年的发展历程、取得的成就以及经验教训作了充分的阐述。
●
相关链接 在E读中查询图书 在五车中查询图书 在当当中查询图书 在豆瓣中查询图书


正题名:当代中国的水运事业     索取号:F552/3         预约/预借

序号 登录号 条形码 馆藏地/架位号 状态 备注
1 0226791   202392286   第一样本阅览室/ [索取号:F552/3] 在馆    
唐山师范学院图书馆 欢迎您!
大连网信软件有限公司© 版权所有